000 00383nam a2200133Ia 4500
008 100328s9999 xx 000 0 und d
082 _b50005
100 _aमंगळवेढेकर राजा
245 _aसिध्दार्थ
260 _bउत्कर्ष
630 _aसिध्दार्थ
730 _aसिध्दार्थ
942 _cBOOK
999 _c537231
_d537228